Australian Supercars Champions - Statistics

General Stats
  • This quiz has been taken 15 times
  • The average score is 40 of 63
Answer Stats
Hint Answer % Correct
1996 Craig Lowndes
86%
1998 Craig Lowndes
86%
1999 Craig Lowndes
86%
2008 Jamie Whincup
86%
2009 Jamie Whincup
86%
2011 Jamie Whincup
86%
2012 Jamie Whincup
86%
2013 Jamie Whincup
86%
2014 Jamie Whincup
86%
2017 Jamie Whincup
86%
2003 Marcos Ambrose
86%
2004 Marcos Ambrose
86%
1992 Mark Skaife
86%
1994 Mark Skaife
86%
2000 Mark Skaife
86%
2001 Mark Skaife
86%
2002 Mark Skaife
86%
1974 Peter Brock
86%
1978 Peter Brock
86%
1980 Peter Brock
86%
1973 Allan Moffat
71%
1976 Allan Moffat
71%
1977 Allan Moffat
71%
1983 Allan Moffat
71%
1981 Dick Johnson
71%
1982 Dick Johnson
71%
1984 Dick Johnson
71%
1988 Dick Johnson
71%
1989 Dick Johnson
71%
1995 John Bowe
71%
2015 Mark Winterbottom
71%
2006 Rick Kelly
71%
2016 Shane Van Gisbergen
71%
2021 Shane Van Gisbergen
71%
2022 Shane Van Gisbergen
71%
1962 Bob Jane
57%
1963 Bob Jane
57%
1971 Bob Jane
57%
1972 Bob Jane
57%
1975 Colin Bond
57%
2007 Garth Tander
57%
1993 Glenn Seton
57%
1997 Glenn Seton
57%
2010 James Courtney
57%
2005 Russell Ingall
57%
2018 Scott McLaughlin
57%
2019 Scott McLaughlin
57%
2020 Scott McLaughlin
57%
1979 Bob Morris
43%
1985 Jim Richards
43%
1987 Jim Richards
43%
1990 Jim Richards
43%
1991 Jim Richards
43%
1986 Robbie Francevic
43%
1961 Bill Pitt
29%
1960 David Mckay
29%
1964 Ian Geoghegan
29%
1966 Ian Geoghegan
29%
1967 Ian Geoghegan
29%
1968 Ian Geoghegan
29%
1969 Ian Geoghegan
29%
1965 Norm Beechey
29%
1970 Norm Beechey
29%
No matching quizzes found
Score Distribution
Percent of People with Each Score
Percentile by Number Answered
Your Score History
You have not taken this quiz